Cơ sở lý thuyết hóa học

Gardado en:
Detalles Bibliográficos
Autor Principal: Nguyễn Đình Chi
Outros autores: Phạm, Thúc Côn
Formato: Libro
Publicado: H. Đại học và trung học chuyên nghiệp 1979
Những chủ đề:
Các nhãn: Engadir etiqueta
Sen Etiquetas, Sexa o primeiro en etiquetar este rexistro!
Thư viện lưu trữ: Trung tâm Học liệu Lê Vũ Hùng, Trường Đại học Đồng Tháp
LEADER 00814pam a22002538a 4500
001 00029703
008 121108s1979 ||||||Viesd
005 20171026081025.0
041 0 # |a Vie 
082 1 4 |b C460S  |a 541 
100 0 # |a Nguyễn Đình Chi 
245 0 0 |a Cơ sở lý thuyết hóa học  |c Nguyễn Đình Chi, Phạm Thúc Côn 
260 # # |b Đại học và trung học chuyên nghiệp  |c 1979  |a H. 
300 # # |a 394 tr.  |c 27 cm. 
653 # # |a Cấu tạo chất 
653 # # |a Lý thuyết hóa học 
700 1 # |a Phạm, Thúc Côn 
852 # # |b Kho mượn  |j KM.0003504 
852 # # |b Kho đọc  |j KD.0014130 
852 # # |j KD.0014130 
910 |d 08/11/2012 
980 # # |a Trung tâm Học liệu Lê Vũ Hùng, Trường Đại học Đồng Tháp